Le travail autonome : Comment aider les élèves à l’acquisition de l’autonomie (notice n° 1569214)

détails MARC
000 -LEADER
fixed length control field 00845cam a2200145 4500500
005 - DATE AND TIME OF LATEST TRANSACTION
control field 20251214010058.0
041 ## - LANGUAGE CODE
Language code of text/sound track or separate title fre
042 ## - AUTHENTICATION CODE
Authentication code dc
100 10 - MAIN ENTRY--PERSONAL NAME
Personal name Liquète, Vincent
Relator term author
245 00 - TITLE STATEMENT
Title Le travail autonome : Comment aider les élèves à l’acquisition de l’autonomie
260 ## - PUBLICATION, DISTRIBUTION, ETC.
Name of publisher, distributor, etc. Armand Colin,<br/>
Date of publication, distribution, etc. 2007.<br/>
520 ## - SUMMARY, ETC.
Summary, etc. Le point sur les nouveaux dispositifs pédagogiques interdisciplinaires. Une étude sur les itinéraires de découverte (IDD), l’éducation civique, juridique et sociale (ECJS), les travaux personnels encadrés (TPE) et les projets pluridisciplinaires à caractère professionnel (PPCP). Des situations incitant l’apprenant à prendre plus d’iniatives.
700 10 - ADDED ENTRY--PERSONAL NAME
Personal name Maury, Yolande
Relator term author
856 41 - ELECTRONIC LOCATION AND ACCESS
Uniform Resource Identifier <a href="https://shs.cairn.info/le-travail-autonome--9782200350666?lang=fr&redirect-ssocas=7080">https://shs.cairn.info/le-travail-autonome--9782200350666?lang=fr&redirect-ssocas=7080</a>

Pas d'exemplaire disponible.

PLUDOC

PLUDOC est la plateforme unique et centralisée de gestion des bibliothèques physiques et numériques de Guinée administré par le CEDUST. Elle est la plus grande base de données de ressources documentaires pour les Étudiants, Enseignants chercheurs et Chercheurs de Guinée.

Adresse

627 919 101/664 919 101

25 boulevard du commerce
Kaloum, Conakry, Guinée

Réseaux sociaux

Powered by Netsen Group @ 2025